Territorios en disputa en forma de bandera - Estadísticas

Estadísticas generales
  • Esta prueba ha sido intentada 106 veces
  • La puntuación promedio es 8 de 14
Estadísticas de respuestas
Imagen Respuesta % Correcto
Kosovo
93%
Taiwán
93%
Sahara Occidental
85%
Palestino
82%
Islas Malvinas
74%
Osetia del Sur
73%
Abjasio
69%
Somalilandia
58%
Transnistria
58%
Crimea
55%
Artsaj
46%
Darfur
22%
El norte de Chipre
15%
Jammu y Cachemira
14%
No se encontraron pruebas coincidentes
Distribución de puntuación
Porcentaje de gente con cada puntuación
Porcentaje por número respondido
Historial de tus puntuaciones
No has intentado esta prueba.